000 00549nam a2200193 i 4500
001 149414
003 ES-MaACL
007 t|
008 071022s1973 mx ||||1| spa d
100 1 _aVela, Arqueles.
_9113672
245 1 0 _aAnálisis de la expresión literaria /
_cArqueles Vela.
250 _a3ª ed.
260 _aMéxico :
_bPorrúa,
_c1973.
300 _a199 p. ;
_c22 cm.
490 1 _aSepan cuantos... ;
_v243
830 0 0 _aSepan cuantos_
_v243
_9180801
852 _aES-MaACL
_jE-9479
_bR.94105
999 _c149414
_d149414